[Event "19. Obert Int. Sant Marti 2017 - B"]
[Site "Barcelona ESP"]
[Date "2017.07.13"]
[Round "1.43"]
[White "Silva Pena, Angel David"]
[Black "Pascual Duran, Pau"]
[Result "0-1"]
[WhiteElo "1805"]
[BlackElo "1491"]
[PlyCount "48"]
[EventDate "2017.07.13"]
[EventType "swiss"]
[EventRounds "9"]
[EventCountry "ESP"]
[SourceTitle "Ajedrez en Madrid"]
[Source "lmi"]
[SourceDate "2017.07.13"]
[SourceVersion "1"]
[SourceVersionDate "2019.06.21"]
[SourceQuality "1"]

1. e4 e6 2. d4 d5 3. Nc3 Nf6 4. e5 Nfd7 5. f4 c5 6. Nf3 Nc6 7. Be3 Be7 8. Qd2
O-O 9. Bd3 b6 10. O-O f6 11. exf6 Nxf6 12. Rae1 Ng4 13. Bb5 Qc7 14. h3 Nxe3 15.
Qxe3 cxd4 16. Nxd4 Nxd4 17. Bd3 Bc5 18. Kh1 Nxc2 19. Qf3 Nxe1 20. Rxe1 Qxf4 21.
Qh5 g6 22. Qe2 Bd6 23. g3 Qxg3 24. Rg1 Qxh3+ 0-1

[Event "19. Obert Int. Sant Marti 2017 - B"]
[Site "Barcelona ESP"]
[Date "2017.07.13"]
[Round "1.44"]
[White "Febrero Perez, Lluis"]
[Black "Robaina Bordon, Hector"]
[Result "0-1"]
[WhiteElo "1488"]
[BlackElo "1805"]
[PlyCount "54"]
[EventDate "2017.07.13"]
[EventType "swiss"]
[EventRounds "9"]
[EventCountry "ESP"]
[SourceTitle "Ajedrez en Madrid"]
[Source "lmi"]
[SourceDate "2017.07.13"]
[SourceVersion "1"]
[SourceVersionDate "2019.06.21"]
[SourceQuality "1"]

1. e4 c6 2. d4 d5 3. e5 Bf5 4. Nf3 e6 5. Nbd2 Nd7 6. Nh4 Qxh4 7. Nf3 Qe4+ 8.
Be2 Qxc2 9. O-O Qxd1 10. Rxd1 Bg4 11. h3 Bxf3 12. Bxf3 c5 13. Be3 cxd4 14. Bxd4
Ne7 15. Be2 a6 16. f4 Nf5 17. Bf2 Bc5 18. g4 Bxf2+ 19. Kxf2 Ne7 20. b4 f6 21.
exf6 Nxf6 22. Kf3 O-O 23. g5 Ne4 24. h4 Ng6 25. Bd3 Rxf4+ 26. Ke3 Rxh4 27. Rg1
d4+ 0-1

[Event "19. Obert Int. Sant Marti 2017 - B"]
[Site "Barcelona ESP"]
[Date "2017.07.13"]
[Round "1.45"]
[White "Martinez Buendia, Andres"]
[Black "Bailly, Axel"]
[Result "1-0"]
[WhiteElo "1804"]
[BlackElo "1470"]
[PlyCount "59"]
[EventDate "2017.07.13"]
[EventType "swiss"]
[EventRounds "9"]
[EventCountry "ESP"]
[SourceTitle "Ajedrez en Madrid"]
[Source "lmi"]
[SourceDate "2017.07.13"]
[SourceVersion "1"]
[SourceVersionDate "2019.06.21"]
[SourceQuality "1"]

1. e4 c5 2. Nf3 d6 3. d4 cxd4 4. Nxd4 Nf6 5. Nc3 e6 6. Be3 Be7 7. f3 O-O 8. Qd2
a6 9. O-O-O Nc6 10. Kb1 Qc7 11. g4 b5 12. h4 b4 13. Na4 Bd7 14. Nb6 Rab8 15.
Nxd7 Qxd7 16. h5 Nxd4 17. Bxd4 a5 18. g5 Ne8 19. g6 h6 20. Be3 f6 21. Bxh6 a4
22. Bf4 b3 23. cxb3 axb3 24. a3 e5 25. Bc4+ Kh8 26. h6 gxh6 27. Rxh6+ Kg7 28.
Rh7+ Kxg6 29. Qg2+ Kxh7 30. Rh1+ 1-0

[Event "19. Obert Int. Sant Marti 2017 - B"]
[Site "Barcelona ESP"]
[Date "2017.07.13"]
[Round "1.46"]
[White "Rodriguez Monago, Juan Antonio"]
[Black "Corominas Garrido, Antonio"]
[Result "0-1"]
[WhiteElo "1468"]
[BlackElo "1803"]
[PlyCount "68"]
[EventDate "2017.07.13"]
[EventType "swiss"]
[EventRounds "9"]
[EventCountry "ESP"]
[SourceTitle "Ajedrez en Madrid"]
[Source "lmi"]
[SourceDate "2017.07.13"]
[SourceVersion "1"]
[SourceVersionDate "2019.06.21"]
[SourceQuality "1"]

1. d4 Nf6 2. Nf3 d5 3. Bf4 Bf5 4. e3 e6 5. Bd3 Bxd3 6. Qxd3 Nbd7 7. h3 c5 8. c3
Qb6 9. Qc2 Rc8 10. Nbd2 Bd6 11. Ne5 cxd4 12. exd4 Qxd4 13. cxd4 Rxc2 14. O-O
Bb8 15. Rfc1 Rxc1+ 16. Rxc1 Ke7 17. Ndf3 Nxe5 18. Bxe5 Bd6 19. g4 Rd8 20. g5
Ne8 21. h4 f6 22. Bxd6+ Kxd6 23. Kf1 e5 24. Ke2 e4 25. Nd2 Nc7 26. Nb3 b6 27.
Ke3 Ne6 28. gxf6 gxf6 29. Rg1 f5 30. f4 Rd7 31. Rg2 Rg7 32. Rxg7 Nxg7 33. a4
Ke6 34. a5 Kf6 0-1

[Event "19. Obert Int. Sant Marti 2017 - B"]
[Site "Barcelona ESP"]
[Date "2017.07.13"]
[Round "1.47"]
[White "Pera Muntasell, Marc"]
[Black "Bienvenido Kleque, Jose"]
[Result "1-0"]
[WhiteElo "1800"]
[BlackElo "1468"]
[PlyCount "50"]
[EventDate "2017.07.13"]
[EventType "swiss"]
[EventRounds "9"]
[EventCountry "ESP"]
[SourceTitle "Ajedrez en Madrid"]
[Source "lmi"]
[SourceDate "2017.07.13"]
[SourceVersion "1"]
[SourceVersionDate "2019.06.21"]
[SourceQuality "1"]

1. e4 c6 2. d4 d5 3. Nd2 dxe4 4. Nxe4 Bf5 5. Ng3 Bg6 6. Nf3 h6 7. Ne5 Bh7 8.
Qf3 Nf6 9. Qb3 e6 10. Qxb7 Nbd7 11. Nxc6 Qc8 12. Ba6 Qxb7 13. Bxb7 Nb6 14. Bxa8
Nxa8 15. c3 a6 16. Bf4 Nd5 17. Be3 Nxe3 18. fxe3 Bd6 19. Na5 Nc7 20. Nc4 Be7
21. Kd2 O-O 22. Rhf1 Rb8 23. b3 Nd5 24. Rf3 Nf6 25. Ne5 Rc8 1-0

[Event "19. Obert Int. Sant Marti 2017 - B"]
[Site "Barcelona ESP"]
[Date "2017.07.13"]
[Round "1.48"]
[White "Olleta Tanya, Jordi"]
[Black "Chandrasekhar, M K."]
[Result "0-1"]
[WhiteElo "1450"]
[BlackElo "1794"]
[PlyCount "90"]
[EventDate "2017.07.13"]
[EventType "swiss"]
[EventRounds "9"]
[EventCountry "ESP"]
[SourceTitle "Ajedrez en Madrid"]
[Source "lmi"]
[SourceDate "2017.07.13"]
[SourceVersion "1"]
[SourceVersionDate "2019.06.21"]
[SourceQuality "1"]

1. Nf3 d5 2. d4 Nf6 3. Nbd2 Bf5 4. Ne5 e6 5. e3 h6 6. Ndf3 Nbd7 7. Bd3 Bxd3 8.
cxd3 c6 9. O-O Bd6 10. b3 O-O 11. Bb2 Qe7 12. Rc1 Ba3 13. Bxa3 Qxa3 14. Qd2 a5
15. Rc2 Ra6 16. Nxd7 Nxd7 17. Ne5 Nxe5 18. dxe5 Rb6 19. d4 a4 20. Qa5 Ra6 21.
Qc5 axb3 22. Qxa3 Rxa3 23. axb3 Rxb3 24. Ra1 Kh7 25. g3 Rc8 26. Kg2 Rc7 27.
Raa2 b6 28. Rcb2 Rxb2 29. Rxb2 b5 30. Kf3 Ra7 31. Ke2 Kg8 32. Rc2 Ra6 33. Kd2
Kf8 34. Kc3 Ke7 35. Kb3 Kd7 36. g4 Ra1 37. f4 Kc7 38. Rf2 Rg1 39. f5 Rxg4 40.
fxe6 fxe6 41. Rf7+ Kb6 42. Rf3 c5 43. dxc5+ Kxc5 44. Rf4 Rxf4 45. exf4 Kd4 0-1

[Event "19. Obert Int. Sant Marti 2017 - B"]
[Site "Barcelona ESP"]
[Date "2017.07.13"]
[Round "1.49"]
[White "Arribas Alvarez, Marti"]
[Black "Marzo Ruiz, Xavier"]
[Result "1-0"]
[WhiteElo "1781"]
[BlackElo "1439"]
[PlyCount "71"]
[EventDate "2017.07.13"]
[EventType "swiss"]
[EventRounds "9"]
[EventCountry "ESP"]
[SourceTitle "Ajedrez en Madrid"]
[Source "lmi"]
[SourceDate "2017.07.13"]
[SourceVersion "1"]
[SourceVersionDate "2019.06.21"]
[SourceQuality "1"]

1. e4 g6 2. d4 Bg7 3. Nf3 d6 4. Nc3 a6 5. Bd3 Nf6 6. O-O O-O 7. Bg5 b5 8. a3
Bb7 9. Re1 Nbd7 10. Qd2 c5 11. d5 c4 12. Bf1 Nc5 13. Bh6 e6 14. Bxg7 Kxg7 15.
g3 exd5 16. exd5 Ncd7 17. Bg2 Nb6 18. Nh4 Rc8 19. Qg5 Nfxd5 20. Nf5+ Kh8 21.
Ne7 Nxe7 22. Qf6+ Kg8 23. Bxb7 Rc7 24. Bxa6 Nbd5 25. Nxd5 Nxd5 26. Qxd8 Rxd8
27. Bxb5 Rb8 28. a4 c3 29. b3 Nb4 30. Re2 d5 31. Rd1 Rd8 32. Rd4 Kf8 33. Rxb4
d4 34. Bd3 Kg7 35. a5 Kf6 36. f4 1-0

[Event "19. Obert Int. Sant Marti 2017 - B"]
[Site "Barcelona ESP"]
[Date "2017.07.13"]
[Round "1.50"]
[White "Landsverk, Ida"]
[Black "Madrid Sole, Antonio"]
[Result "1/2-1/2"]
[WhiteElo "1439"]
[BlackElo "1772"]
[PlyCount "94"]
[EventDate "2017.07.13"]
[EventType "swiss"]
[EventRounds "9"]
[EventCountry "ESP"]
[SourceTitle "Ajedrez en Madrid"]
[Source "lmi"]
[SourceDate "2017.07.13"]
[SourceVersion "1"]
[SourceVersionDate "2019.06.21"]
[SourceQuality "1"]

1. e4 e6 2. d4 d5 3. Nd2 Nf6 4. e5 Nfd7 5. Bd3 c5 6. c3 cxd4 7. cxd4 Nc6 8. Ne2
f6 9. exf6 Nxf6 10. O-O Bd6 11. Nf3 Qc7 12. Re1 O-O 13. h3 Bd7 14. Nc3 a6 15.
Qe2 Rae8 16. Bg5 b5 17. Rac1 Qb6 18. Be3 Rc8 19. Qd2 Qb8 20. Bg5 Rce8 21. a3
Qa7 22. Be3 Rb8 23. Ne5 Ne7 24. Re2 Rbc8 25. Rce1 Qb8 26. Bg5 Be8 27. Bxf6 Rxf6
28. Ng4 Rf8 29. Rxe6 Bd7 30. Rxe7 Bxe7 31. Rxe7 Qd6 32. Qg5 Rf7 33. Rxf7 Kxf7
34. Ne5+ Kg8 35. Nxd7 Qxd7 36. Bf5 Qd8 37. Be6+ Kh8 38. Qxd5 Qxd5 39. Bxd5 Rd8
40. Bb7 Rxd4 41. Bxa6 b4 42. Nb5 Rd1+ 43. Kh2 Rb1 44. axb4 Rxb2 45. g3 Rxb4 46.
Kg2 g6 47. h4 Kg7 1/2-1/2

[Event "19. Obert Int. Sant Marti 2017 - B"]
[Site "Barcelona ESP"]
[Date "2017.07.13"]
[Round "1.51"]
[White "Prieto Velasco, Rafael"]
[Black "Arias Aranda, Guillem"]
[Result "1-0"]
[WhiteElo "1772"]
[BlackElo "1438"]
[PlyCount "97"]
[EventDate "2017.07.13"]
[EventType "swiss"]
[EventRounds "9"]
[EventCountry "ESP"]
[SourceTitle "Ajedrez en Madrid"]
[Source "lmi"]
[SourceDate "2017.07.13"]
[SourceVersion "1"]
[SourceVersionDate "2019.06.21"]
[SourceQuality "1"]

1. d4 d5 2. c4 e5 3. dxe5 d4 4. Nf3 Nc6 5. Nbd2 Nge7 6. a3 Ng6 7. b4 Ncxe5 8.
Nxe5 Nxe5 9. Nb3 Nxc4 10. Qxd4 Qxd4 11. Nxd4 a6 12. g3 b5 13. Bg2 Rb8 14. O-O
Bd6 15. Bc6+ Bd7 16. Bf4 Bxf4 17. gxf4 Rd8 18. a4 O-O 19. Bxd7 Rxd7 20. e3 bxa4
21. Rxa4 Ra8 22. Rfa1 Nb6 23. Rxa6 Rxa6 24. Rxa6 Kf8 25. b5 Ke7 26. Kg2 Kf6 27.
Kf3 Kg6 28. Ra1 Kh6 29. Rc1 Na8 30. Rc5 g6 31. Kg4 f5+ 32. Kg3 Rd6 33. Re5 Nb6
34. Re7 Rd7 35. Rxd7 Nxd7 36. Ne6 Kh5 37. Nxc7 Nb6 38. f3 h6 39. e4 g5 40. fxg5
Kxg5 41. Nd5 Na4 42. f4+ Kg6 43. Ne7+ Kf6 44. Nxf5 Nc3 45. Nd6 Ke6 46. e5 Nd5
47. Kf3 h5 48. Ke4 h4 49. f5+ 1-0

[Event "19. Obert Int. Sant Marti 2017 - B"]
[Site "Barcelona ESP"]
[Date "2017.07.13"]
[Round "1.52"]
[White "Jimenez Rimblas, Raul"]
[Black "Bouzas Arcos, Juan Manuel"]
[Result "0-1"]
[WhiteElo "1437"]
[BlackElo "1771"]
[PlyCount "70"]
[EventDate "2017.07.13"]
[EventType "swiss"]
[EventRounds "9"]
[EventCountry "ESP"]
[SourceTitle "Ajedrez en Madrid"]
[Source "lmi"]
[SourceDate "2017.07.13"]
[SourceVersion "1"]
[SourceVersionDate "2019.06.21"]
[SourceQuality "1"]

1. e4 c5 2. Nf3 e6 3. d4 cxd4 4. Nxd4 Nf6 5. Nc3 d6 6. Be2 a6 7. O-O Nbd7 8.
Bg5 Be7 9. Qd2 h6 10. Bh4 O-O 11. Rad1 Nc5 12. Bf3 Ncxe4 13. Nxe4 Nxe4 14. Bxe4
Bxh4 15. g3 Be7 16. Rfe1 d5 17. Bg2 Qc7 18. Nf3 Bd7 19. b3 Bf6 20. c4 Rfd8 21.
cxd5 exd5 22. Qxd5 Bc6 23. Qc4 Qa5 24. Nd4 Rxd4 25. Qc2 Rxd1 26. Rxd1 Bxg2 27.
Kxg2 Rd8 28. b4 Qxb4 29. Rxd8+ Bxd8 30. Qe2 Qe7 31. Qb2 Qe4+ 32. f3 Qc6 33. Qe2
Bf6 34. h3 Qb5 35. Qc2 Qb2 0-1

[Event "19. Obert Int. Sant Marti 2017 - B"]
[Site "Barcelona ESP"]
[Date "2017.07.13"]
[Round "1.53"]
[White "Barrot Farre, Salvador"]
[Black "Lopez Abaurrea, Eduardo"]
[Result "1-0"]
[WhiteElo "1771"]
[BlackElo "1422"]
[PlyCount "47"]
[EventDate "2017.07.13"]
[EventType "swiss"]
[EventRounds "9"]
[EventCountry "ESP"]
[SourceTitle "Ajedrez en Madrid"]
[Source "lmi"]
[SourceDate "2017.07.13"]
[SourceVersion "1"]
[SourceVersionDate "2019.06.21"]
[SourceQuality "1"]

1. b3 Nf6 2. Bb2 d5 3. e3 e6 4. Nf3 Nbd7 5. c4 c6 6. Bd3 Be7 7. O-O O-O 8. cxd5
exd5 9. Nc3 Nc5 10. Be2 h6 11. Qc2 Bg4 12. Ne5 Bxe2 13. Nxe2 Bd6 14. Ng3 Qc7
15. f4 Ncd7 16. Nxd7 Qxd7 17. Bxf6 gxf6 18. Nf5 Rfe8 19. Nxh6+ Kf8 20. Qh7 Ke7
21. Qxf7+ Kd8 22. Qxf6+ Be7 23. Qf5 Qc7 24. Nf7# 1-0

[Event "19. Obert Int. Sant Marti 2017 - B"]
[Site "Barcelona ESP"]
[Date "2017.07.13"]
[Round "1.54"]
[White "Pifarre Gene, Joan Baptista"]
[Black "Serra Vilaro, Agustin"]
[Result "0-1"]
[WhiteElo "1422"]
[BlackElo "1770"]
[PlyCount "64"]
[EventDate "2017.07.13"]
[EventType "swiss"]
[EventRounds "9"]
[EventCountry "ESP"]
[SourceTitle "Ajedrez en Madrid"]
[Source "lmi"]
[SourceDate "2017.07.13"]
[SourceVersion "1"]
[SourceVersionDate "2019.06.21"]
[SourceQuality "1"]

1. e4 d5 2. Nc3 d4 3. Nce2 e5 4. Nf3 Bd6 5. Ng3 Ne7 6. Bc4 Nbc6 7. a3 Ng6 8. d3
Be7 9. O-O Be6 10. Ba2 O-O 11. Bd2 Qd7 12. Ng5 Bxa2 13. Rxa2 Nf4 14. Nh3 Nxh3+
15. gxh3 Qxh3 16. Kh1 g6 17. Rg1 Kh8 18. c3 f5 19. exf5 gxf5 20. Qe2 f4 21. Ne4
Rg8 22. f3 Rxg1+ 23. Kxg1 Rg8+ 24. Kh1 Bh4 25. b4 Ne7 26. Ra1 Nf5 27. Bxf4 exf4
28. Rg1 Rxg1+ 29. Kxg1 Ne3 30. cxd4 Qd7 31. Qb2 Qg7+ 32. Kh1 Bf6 0-1

[Event "19. Obert Int. Sant Marti 2017 - B"]
[Site "Barcelona ESP"]
[Date "2017.07.13"]
[Round "1.55"]
[White "Varela Cuadrado, Cesar"]
[Black "Prokudin, Igor"]
[Result "1-0"]
[WhiteElo "1770"]
[BlackElo "1371"]
[PlyCount "111"]
[EventDate "2017.07.13"]
[EventType "swiss"]
[EventRounds "9"]
[EventCountry "ESP"]
[SourceTitle "Ajedrez en Madrid"]
[Source "lmi"]
[SourceDate "2017.07.13"]
[SourceVersion "1"]
[SourceVersionDate "2019.06.21"]
[SourceQuality "1"]

1. e4 c5 2. Nf3 Nc6 3. d4 cxd4 4. Nxd4 g6 5. c4 Nf6 6. Nc3 d6 7. Bg5 Bg7 8. Nc2
O-O 9. Be2 Be6 10. O-O Rc8 11. Rc1 h6 12. Be3 a6 13. f3 Nd7 14. Qd2 Kh7 15. b3
Qa5 16. Nd4 Nxd4 17. Bxd4 Bxd4+ 18. Qxd4 Qb6 19. Qxb6 Nxb6 20. f4 Kg7 21. Bf3
Rc7 22. Rfe1 Rd8 23. g4 Bc8 24. h3 Bd7 25. Re2 Bc6 26. Kf2 Nd7 27. Rec2 Nc5 28.
Ke3 Nd7 29. Nd5 Bxd5 30. cxd5 Rxc2 31. Rxc2 Nb6 32. Kd4 Kf8 33. Rc7 Rd7 34.
Rxd7 Nxd7 35. e5 b6 36. b4 g5 37. e6 fxe6 38. dxe6 Nb8 39. fxg5 hxg5 40. Bb7
Kg7 41. a4 Kf6 42. Kd5 Kg6 43. b5 a5 44. Ke4 Kf6 45. Bd5 Kg6 46. Kd4 Kf6 47.
Bc4 Kg6 48. Bd3+ Kf6 49. Bf5 Kg7 50. Kd5 Kf6 51. Ke4 Kg7 52. h4 gxh4 53. g5 h3
54. Kf3 d5 55. Kg3 d4 56. Kxh3 1-0

[Event "19. Obert Int. Sant Marti 2017 - B"]
[Site "Barcelona ESP"]
[Date "2017.07.13"]
[Round "1.56"]
[White "Alabart Paytubi, Josep"]
[Black "Sarrate Presas, Jordi"]
[Result "0-1"]
[WhiteElo "1347"]
[BlackElo "1770"]
[PlyCount "44"]
[EventDate "2017.07.13"]
[EventType "swiss"]
[EventRounds "9"]
[EventCountry "ESP"]
[SourceTitle "Ajedrez en Madrid"]
[Source "lmi"]
[SourceDate "2017.07.13"]
[SourceVersion "1"]
[SourceVersionDate "2019.06.21"]
[SourceQuality "1"]

1. Nf3 d5 2. b3 e6 3. Bb2 Nf6 4. d4 Bd6 5. g3 c5 6. e3 O-O 7. Bg2 b6 8. Nbd2
Bb7 9. O-O Ne4 10. c4 Nd7 11. Nxe4 dxe4 12. Nd2 f5 13. dxc5 Nxc5 14. f3 Nd3 15.
Bc3 Bc5 16. Qe2 Qg5 17. Bd4 Bxd4 18. exd4 Qf6 19. fxe4 Qxd4+ 20. Kh1 fxe4 21.
Nxe4 Bxe4 22. Bxe4 Nf2+ 0-1

[Event "19. Obert Int. Sant Marti 2017 - B"]
[Site "Barcelona ESP"]
[Date "2017.07.13"]
[Round "1.57"]
[White "David, Dorian-Ciprian"]
[Black "Hernandez Mediavilla, Juan Jose"]
[Result "1-0"]
[WhiteElo "1768"]
[BlackElo "1312"]
[PlyCount "43"]
[EventDate "2017.07.13"]
[EventType "swiss"]
[EventRounds "9"]
[EventCountry "ESP"]
[SourceTitle "Ajedrez en Madrid"]
[Source "lmi"]
[SourceDate "2017.07.13"]
[SourceVersion "1"]
[SourceVersionDate "2019.06.21"]
[SourceQuality "1"]

1. e4 c6 2. Nf3 d6 3. d4 Bg4 4. Bc4 Bxf3 5. Qxf3 e6 6. Nc3 a6 7. d5 e5 8. dxc6
f6 9. cxb7 Nc6 10. bxa8=Q Qxa8 11. Nd5 Qb7 12. Qb3 Qa7 13. Be3 Qd7 14. Nb6 Qg4
15. Bxg8 Rxg8 16. Qxg8 Qxg2 17. Qe6+ Ne7 18. O-O-O Qxe4 19. Rhg1 Qb4 20. Rxd6
Qa5 21. Rd8+ Kxd8 22. Qd7# 1-0

[Event "19. Obert Int. Sant Marti 2017 - B"]
[Site "Barcelona ESP"]
[Date "2017.07.13"]
[Round "1.58"]
[White "Bermejo Cuadra, Roberto"]
[Black "Flemming, Klaus"]
[Result "0-1"]
[WhiteElo "1312"]
[BlackElo "1766"]
[PlyCount "50"]
[EventDate "2017.07.13"]
[EventType "swiss"]
[EventRounds "9"]
[EventCountry "ESP"]
[SourceTitle "Ajedrez en Madrid"]
[Source "lmi"]
[SourceDate "2017.07.13"]
[SourceVersion "1"]
[SourceVersionDate "2019.06.21"]
[SourceQuality "1"]

1. e4 e6 2. Nf3 d5 3. e5 c5 4. d4 cxd4 5. Nxd4 Nc6 6. Bb5 Bd7 7. f4 Bc5 8. Nxc6
Bxc6 9. Bxc6+ bxc6 10. Qg4 Ne7 11. Rf1 Nf5 12. c3 a5 13. Rf3 Qb6 14. a4 O-O 15.
Qh3 Be7 16. g4 Nh4 17. Rg3 d4 18. g5 Nf5 19. Rd3 Rfd8 20. Na3 dxc3 21. Rxd8+
Rxd8 22. Nc4 Qd4 23. Ne3 cxb2 24. Bxb2 Qxb2 25. Rd1 Qc3+ 0-1

[Event "19. Obert Int. Sant Marti 2017 - B"]
[Site "Barcelona ESP"]
[Date "2017.07.13"]
[Round "1.59"]
[White "Franzoni Ladron De Guevara, Enric"]
[Black "Minko, Uliana"]
[Result "1-0"]
[WhiteElo "1764"]
[BlackElo "1293"]
[PlyCount "97"]
[EventDate "2017.07.13"]
[EventType "swiss"]
[EventRounds "9"]
[EventCountry "ESP"]
[SourceTitle "Ajedrez en Madrid"]
[Source "lmi"]
[SourceDate "2017.07.13"]
[SourceVersion "1"]
[SourceVersionDate "2019.06.21"]
[SourceQuality "1"]

1. e4 e6 2. d4 d5 3. Nc3 dxe4 4. Nxe4 Bd7 5. Nf3 Bc6 6. Bd3 Nd7 7. O-O Ngf6 8.
Ng3 Bd6 9. Re1 h6 10. Nf5 Rg8 11. Nxd6+ cxd6 12. Bf4 Qc7 13. h4 O-O-O 14. c4
Nh5 15. Bh2 g5 16. hxg5 hxg5 17. c5 Nf4 18. cxd6 Qxd6 19. Rc1 Kb8 20. Rxc6 Qxc6
21. Be4 Qb6 22. Nxg5 e5 23. Nxf7 Rdf8 24. Bxf4 exf4 25. Ne5 Nxe5 26. dxe5 Qxb2
27. Qd6+ Ka8 28. Rb1 Qxb1+ 29. Bxb1 f3 30. Be4 Rd8 31. Bxb7+ Kxb7 32. Qb4+ Ka6
33. Qa3+ Kb6 34. Qxf3 Rc8 35. Qe3+ Ka6 36. f4 Rb8 37. Qe2+ Ka5 38. e6 Rb1+ 39.
Kh2 Rh8+ 40. Kg3 Rbb8 41. e7 Rbe8 42. f5 Rh7 43. f6 Rf7 44. Qe5+ Kb4 45. Qd4+
Ka3 46. Qc3+ Ka4 47. Qc4+ Ka5 48. Qxf7 Rc8 49. e8=Q 1-0

[Event "19. Obert Int. Sant Marti 2017 - B"]
[Site "Barcelona ESP"]
[Date "2017.07.13"]
[Round "1.60"]
[White "Avila Lopez, Juan"]
[Black "Gimenez Canadas, Carlos"]
[Result "0-1"]
[WhiteElo "1282"]
[BlackElo "1764"]
[PlyCount "78"]
[EventDate "2017.07.13"]
[EventType "swiss"]
[EventRounds "9"]
[EventCountry "ESP"]
[SourceTitle "Ajedrez en Madrid"]
[Source "lmi"]
[SourceDate "2017.07.13"]
[SourceVersion "1"]
[SourceVersionDate "2019.06.21"]
[SourceQuality "1"]

1. d4 Nf6 2. Bf4 d6 3. Nf3 g6 4. Nc3 Nbd7 5. e3 Bg7 6. Bd3 c5 7. d5 O-O 8. O-O
a6 9. Re1 b5 10. b3 b4 11. Ne2 Nxd5 12. Rc1 Nc3 13. Nxc3 Bxc3 14. Re2 Bb7 15.
Bh6 Re8 16. Ng5 Ne5 17. f4 Ng4 18. Nxf7 Kxf7 19. Bg5 Nf6 20. Rf2 Qb6 21. f5 Kg7
22. fxg6 hxg6 23. Bxf6+ exf6 24. Qg4 g5 25. Qd7+ Kf8 26. Rxf6+ Bxf6 27. Bg6 Re7
28. Qh3 Rxe3 29. Qh6+ Ke7 30. Qh7+ Kd8 31. Qg8+ Kc7 32. Qf7+ Be7 33. Qf2 Re5
34. Re1 Rf8 35. Qd2 c4+ 36. Kh1 Qf2 37. Qxf2 Rxf2 38. Rg1 Rxg2 39. Rxg2 Re1#
0-1

[Event "19. Obert Int. Sant Marti 2017 - B"]
[Site "Barcelona ESP"]
[Date "2017.07.13"]
[Round "1.62"]
[White "Bernat Mor, Juli"]
[Black "Calafell Marques, Jose"]
[Result "1/2-1/2"]
[WhiteElo "1274"]
[BlackElo "1762"]
[PlyCount "109"]
[EventDate "2017.07.13"]
[EventType "swiss"]
[EventRounds "9"]
[EventCountry "ESP"]
[SourceTitle "Ajedrez en Madrid"]
[Source "lmi"]
[SourceDate "2017.07.13"]
[SourceVersion "1"]
[SourceVersionDate "2019.06.21"]
[SourceQuality "1"]

1. d4 Nf6 2. c4 e6 3. Nc3 c5 4. d5 exd5 5. cxd5 d6 6. e4 Be7 7. Bd3 O-O 8. Nf3
Na6 9. O-O Bd7 10. Qe2 Nc7 11. a4 b6 12. Bf4 Re8 13. Qc2 Bg4 14. e5 dxe5 15.
Nxe5 g6 16. Nxg4 Nxg4 17. Be2 Nf6 18. d6 Bxd6 19. Rad1 Bxf4 20. Rxd8 Raxd8 21.
Rd1 Ne6 22. Rxd8 Rxd8 23. Bc4 Nd4 24. Qd3 Re8 25. g3 Bc1 26. Qd1 Re1+ 27. Qxe1
Nf3+ 28. Kf1 Nxe1 29. Kxe1 Bxb2 30. Nb5 Ng4 31. h3 Ne5 32. Bd5 Nd3+ 33. Ke2 Nb4
34. Bc4 a5 35. Na7 Be5 36. Nc8 Bc7 37. Ne7+ Kf8 38. Nd5 Bd8 39. Nxb4 axb4 40.
f4 Bf6 41. g4 Ke7 42. Kf3 Bb2 43. Ke4 f6 44. f5 Kd6 45. Kf4 Kc6 46. h4 Be5+ 47.
Ke4 Bg3 48. h5 gxf5+ 49. Kxf5 Bh4 50. Ke6 Bg5 51. Kf5 Kd6 52. Ke4 Bd2 53. Kf5
Bc3 54. Ke4 Bd4 55. Kf5 1/2-1/2

[Event "19. Obert Int. Sant Marti 2017 - B"]
[Site "Barcelona ESP"]
[Date "2017.07.13"]
[Round "1.63"]
[White "Munoz Lozano, Jorge Manuel"]
[Black "Bois D`enghien, Noumea"]
[Result "1-0"]
[WhiteElo "1759"]
[BlackElo "1270"]
[PlyCount "59"]
[EventDate "2017.07.13"]
[EventType "swiss"]
[EventRounds "9"]
[EventCountry "ESP"]
[SourceTitle "Ajedrez en Madrid"]
[Source "lmi"]
[SourceDate "2017.07.13"]
[SourceVersion "1"]
[SourceVersionDate "2019.06.21"]
[SourceQuality "1"]

1. d4 d6 2. e4 Nf6 3. Nc3 g6 4. f4 Bg7 5. Nf3 O-O 6. Be2 c5 7. Be3 b6 8. h3 Bb7
9. d5 Nxe4 10. Nxe4 Bxb2 11. Rb1 Bg7 12. O-O e6 13. c4 exd5 14. cxd5 Re8 15.
Qa4 Bxd5 16. Nxd6 Rxe3 17. Nxf7 Bxf7 18. Bc4 Bxc4 19. Qxc4+ Kh8 20. Rbd1 Qc7
21. Ng5 Bf6 22. Ne6 Qc8 23. f5 Nc6 24. Qf4 Bd4 25. Nxd4 cxd4 26. fxg6 hxg6 27.
Qh6+ Kg8 28. Qxg6+ Kh8 29. Rf7 Qg8 30. Qh6+ 1-0

[Event "19. Obert Int. Sant Marti 2017 - B"]
[Site "Barcelona ESP"]
[Date "2017.07.13"]
[Round "1.64"]
[White "Mahi, Amit Doshi"]
[Black "Del Valle, Clemence"]
[Result "0-1"]
[WhiteElo "1268"]
[BlackElo "1759"]
[PlyCount "90"]
[EventDate "2017.07.13"]
[EventType "swiss"]
[EventRounds "9"]
[EventCountry "ESP"]
[SourceTitle "Ajedrez en Madrid"]
[Source "lmi"]
[SourceDate "2017.07.13"]
[SourceVersion "1"]
[SourceVersionDate "2019.06.21"]
[SourceQuality "1"]

1. d4 d5 2. c4 e6 3. Nc3 Nf6 4. cxd5 exd5 5. Bg5 Be7 6. e3 c6 7. Bd3 h6 8. Bh4
O-O 9. Nf3 Bg4 10. O-O Ne4 11. Bxe7 Qxe7 12. Rc1 Nd7 13. Re1 f5 14. h3 Bh5 15.
Ne2 Bxf3 16. gxf3 Ng5 17. Kg2 Ne6 18. Ng3 Qh4 19. Bxf5 Rae8 20. Qd3 Rf6 21.
Bxe6+ Rexe6 22. e4 Rf4 23. exd5 Rxd4 24. Qf5 Rxe1 25. Rxe1 Nf6 26. dxc6 bxc6
27. Qe6+ Kh7 28. Qxc6 Nd5 29. Qc2+ g6 30. Qc8 Nf4+ 31. Kh2 h5 32. Rc1 Rd8 33.
Qc7+ Kh6 34. Nf5+ gxf5 35. Rc6+ Ng6 36. Qg3 Qxg3+ 37. Kxg3 Rd2 38. Ra6 Rxb2 39.
Rxa7 h4+ 40. Kg2 Nf4+ 41. Kg1 Nxh3+ 42. Kg2 Nxf2 43. Ra6+ Kg5 44. Ra8 Nd3+ 45.
Kh3 Nf4# 0-1